| Поле | Инд. | ПП | Название | Значение |
|---|---|---|---|---|
| Тип записи | a | |||
| Библиографический уровень | m | |||
| 001 | Контрольный номер | 73927120-2f9c-4df9-9fb0-56ca3d2f7829 | ||
| 005 | Дата корректировки | 20140703161823.9 | ||
| 008 | Кодируемые данные | 071214 | ||
| 020 | a | ISBN | 978-5-691-00974-7 | |
| c | Цена, тираж | 58.08 | ||
| 040 | a | Служба первич. каталог. | НБ ТвГУ | |
| 041 | a | Код языка текста | rus | |
| 080 | a | Индекс УДК | 159.922.7(075.8) | |
| 084 | a | Индекс другой классификации/Индекс ББК | Ю98я73-1 | |
| 090 | x | Авторский знак | В67 | |
| a | Полочн. индекс | Ю98 | ||
| 100 | 1_ | a | Автор | Волков Борис Степанович |
| 245 | 10 | a | Заглавие | Детская психология |
| b | Продолж. заглавия | логич. схемы : учеб. пособие для студентов учреждений сред. проф. образования, обучающихся по специальностям пед. профиля | ||
| c | Ответственность | Б. С. Волков, Н. В. Волкова | ||
| 250 | a | Основные сведения об издании | 2-е изд., стер. | |
| 260 | 0_ | a | Место издания | Москва |
| c | Дата издания | 2007 | ||
| b | Издательство | ВЛАДОС | ||
| 300 | a | Объем | 251, [1] с. | |
| b | Иллюстрации/ тип воспроизводства | ил., табл. | ||
| 440 | a | Серия | Схемы | |
| 504 | a | Библиография | Библиогр.в конце разд. | |
| 583 | a | Действие | Получение впервые 326 14.12.2007 | |
| k | Исполнитель действия | ООО "Владос" | ||
| 650 | a | Основная рубрика | Детская психология | |
| 650 | a | Основная рубрика | Возрастная психология | |
| x | Основная подрубрика | Учебники для вузов | ||
| 650 | a | Основная рубрика | Дети | |
| x | Основная подрубрика | Психология | ||
| 653 | a | Ключевые слова | Возрастная психология | |
| a | Ключевые слова | Детская психология | ||
| a | Ключевые слова | Детство | ||
| a | Ключевые слова | Отрочество | ||
| a | Ключевые слова | Психология ребенка | ||
| a | Ключевые слова | Развитие ребенка | ||
| a | Ключевые слова | Схемы | ||
| a | Ключевые слова | Феноменология | ||
| 700 | 1_ | a | Другие авторы | Волкова Нина Вячеславовна |
| e | Роль лиц | авт. | ||
| 852 | t | Порядковый номер экземпляра | 20 | |
| p | Инвентарный номер | 895073 | ||
| p | Инвентарный номер | 895074 | ||
| p | Инвентарный номер | 895075 | ||
| p | Инвентарный номер | 895076 | ||
| p | Инвентарный номер | 895077 | ||
| p | Инвентарный номер | 895078 | ||
| p | Инвентарный номер | 895079 | ||
| p | Инвентарный номер | 895080 | ||
| p | Инвентарный номер | 895081 | ||
| p | Инвентарный номер | 895082 | ||
| p | Инвентарный номер | 895083 | ||
| p | Инвентарный номер | 895084 | ||
| p | Инвентарный номер | 895085 | ||
| p | Инвентарный номер | 895086 | ||
| p | Инвентарный номер | 895087 | ||
| p | Инвентарный номер | 895088 | ||
| p | Инвентарный номер | 895089 | ||
| p | Инвентарный номер | 895090 | ||
| p | Инвентарный номер | 895091 | ||
| p | Инвентарный номер | 895092 | ||
| 863 | t | 00201773 | ||
| 863 | t | 00201774 | ||
| 863 | t | 00201775 | ||
| 863 | t | 00201776 | ||
| 863 | t | 00201777 | ||
| 863 | t | 00201778 | ||
| 863 | t | 00201779 | ||
| 863 | t | 00201780 | ||
| 863 | t | 00201781 | ||
| 863 | t | 00201782 | ||
| 863 | t | 00201783 | ||
| 863 | t | 00201784 | ||
| 863 | t | 00201785 | ||
| 863 | t | 00201786 | ||
| 863 | t | 00201787 | ||
| 863 | t | 00201788 | ||
| 863 | t | 00201789 | ||
| 863 | t | 00201790 | ||
| 863 | t | 00201791 | ||
| 863 | t | 00201792 | ||
| 888 | a | За счет средств университета | ||
| 910 | a | гриф есть* | ||
| 930 | a | Новая/Ретро | учебники | |
| a | Новая/Ретро | схемы | ||
| 952 | p | 326.2007 58.08 1 895073 | ||
| p | 326.2007 58.08 1 895074 | |||
| p | 326.2007 58.08 1 895075 | |||
| p | 326.2007 58.08 1 895076 | |||
| p | 326.2007 58.08 1 895077 | |||
| p | 326.2007 58.08 1 895078 | |||
| p | 326.2007 58.08 1 895079 | |||
| p | 326.2007 58.08 1 895080 | |||
| p | 326.2007 58.08 1 895081 | |||
| p | 326.2007 58.08 1 895082 | |||
| p | 326.2007 58.08 1 895083 | |||
| p | 326.2007 58.08 1 895084 | |||
| p | 326.2007 58.08 1 895085 | |||
| p | 326.2007 58.08 1 895086 | |||
| p | 326.2007 58.08 1 895087 | |||
| p | 326.2007 58.08 1 895088 | |||
| p | 326.2007 58.08 1 895089 | |||
| p | 326.2007 58.08 1 895090 | |||
| p | 326.2007 58.08 1 895091 | |||
| p | 326.2007 58.08 1 895092 | |||
| c | Вид литературы | К ру | ||
| 954 | a | Дата поступления на обработку | 20071221 | |
| 999 | a | Подразделение 2 | Фил2 |